MDQL
is popping MORE tags! Check the
thread
!
Quizzes
Events
Quiz Creation
Community
Videos
Private Events
Remove Ads
Sign In
Join for FREE
Feedback
Dark Mode
Quiz Categories
Sports
Geography
Music
Movies
Television
Just For Fun
Miscellaneous
History
Literature
Language
Science
Gaming
Entertainment
Religion
Holiday
For Kids
Quiz Lab
Recent
Popular Today
Quiz Kudos Today
Editor Picks
Curator Picks
Quizzes by...
Day
Popularity
Type
Ratings
Length
Year
Community
Subscriptions
Recent Discussions
Orange Saloon
Badges
Playlists
Quests
Create
Leaderboards
Showdown
Live 5
Trivia Bingo
Activity
Puzzle Library
Sporcle Events
Private Events
Virtual Trivia
Globe League
Become a Host
Pub Owners
SporcleCon
Opinionation
Our Games
Videos
Blog
Mobile Apps
Partnerships
Remove Ads and Go Orange
Feedback
Sports
Athletes
MLB
NBA
NHL
NFL
Soccer
Sports Teams
WWE
NCAA
Football
Premier League
Basketball
Baseball
Hockey
Golf
Tennis
Cricket
Rugby
Auto Racing
Olympics
World Cup
Sports
Athletes
MLB
NBA
NHL
NFL
Soccer
Sports Teams
WWE
NCAA
Football
Premier League
Basketball
Baseball
Hockey
Golf
Tennis
Cricket
Rugby
Auto Racing
Olympics
World Cup
Random Quiz
Search Sporcle
×
Quiz Lab
Quiz Lab
Sports
Football
Type in answers that appear in a list
Type in answers that appear in a list
Classic
Best Score? Go Orange.
4 bowl games: BCS era Stats
Can you name the winners from these traditional bowl games of the BSC era?
By
Anne13
5m
40 Questions
302 Plays
302 Plays
302 Plays
Comments
Comments
Give Quiz Kudos
Give Quiz Kudos
-
- Ratings
hide this ad
Replay
Link that replays current quiz
Next Quiz
Link to next quiz in quiz playlist
You Got
0%
They Got
Avg Score
67%
Avg Friend Score
Upgrade to see
Score Distribution
Jump to the score distribution portion of the page
Score
0/40
Timer
05:00
0
Plays Today
bowl
school
% Correct
Season Year 🍂
2013
100%
Season Year 🍂
2006
100%
Season Year 🍂
2007
100%
Season Year 🍂
2012
100%
Season Year 🍂
2011
100%
Season Year 🍂
2008
100%
Season Year 🍂
2010
100%
Season Year 🍂
2009
100%
GATOR 🐊
Florida
88.4%
CITRUS 🍋
Georgia
86.1%
CITRUS 🍋
Georgia
85.8%
CITRUS 🍋
Michigan
84.8%
SUN ☀️
Oklahoma
84.1%
CITRUS 🍋
Alabama
81.8%
SUN ☀️
UCLA
80.9%
GATOR 🐊
Florida State
80.1%
SUN ☀️
Oregon
79.5%
GATOR 🐊
Texas Tech
77.2%
CITRUS 🍋
Penn State
75.8%
SUN ☀️
Georgia Tech
75.2%
bowl
school
% Correct
LIBERTY 🔔
Arkansas
73.2%
GATOR 🐊
Nebraska
73.2%
GATOR 🐊
Nebraska
73%
SUN ☀️
Oregon State
72.8%
SUN ☀️
Oregon State
72.8%
LIBERTY 🔔
South Carolina
72.5%
CITRUS 🍋
South Carolina
72.5%
GATOR 🐊
South Carolina
69.9%
SUN ☀️
Notre Dame
69.2%
SUN ☀️
Utah
69.2%
CITRUS 🍋
Wisconsin
69.2%
CITRUS 🍋
South Carolina
69.1%
LIBERTY 🔔
Mississippi State
66.7%
LIBERTY 🔔
Mississippi State.
66.6%
GATOR 🐊
Mississippi State
66.6%
GATOR 🐊
West Virginia
66.2%
LIBERTY 🔔
Kentucky
57.3%
LIBERTY 🔔
UCF
50.7%
LIBERTY 🔔
Cincinnati
50.3%
LIBERTY 🔔
Tulsa
29.9%
Quiz Playlist
Details
Report
Send in Message
Add To Playlist
Classic:
Type in answers that appear in a list
Last Updated: Mar 20, 2024
Quiz Scoreboard
CHALLENGE
Sign Up to Join the Scoreboard
Show All
Scores
Hide
Comments
May contain spoilers
Recently Published
1-10 Letter E Words III
by El_Dandy
Language
2m
Street Fighter Characters
by Artimus82
Gaming
60s
College Basketball Coaching Resumes
by pancakes188
Sports
9m
More to Explore
Quiz From the Vault
Featured Blog Post
Where Did the Easter Bunny Come From?
hide this ad
You Might Also Like...
Tags
Football Quiz
Bowl
Bowl Games
College Football
December
Football Champions
Football Traditions
January
NCAAF Schools
New Year
oldest
team
Today's Top Quizzes in Sports
Browse Sports
hide this ad
Today's Top Quizzes in Football
Browse Football
Top Contributed Quizzes in Sports
1
2022 World Cup Stars
2
Les meilleurs buteurs des matchs entre le PSG et l’OM
3
FIFA Club World Cup Champions
4
Les entraîneurs de l'OM et du PSG au 21e siècle
5
Criteria MLB: Left Handed Sluggers
6
2023 MLB Unique Player Accomplishments
7
AFC Teams Reveal (Wrong Answers Minefield)
8
Players with Multiple 50 Home Run Seasons
9
5-to-1: FBS Animal Nicknames
10
5-to-1: UK Sports Teams
Explore More
Trending Topics
Anime
NBA
Harry Potter
Disney
Marvel
Crossword
Kpop
Pokémon
Puzzle
Song
Country
WWE
Soccer
NFL
The Office
hide this ad
More By:
Anne13
Quiz
Plays
Rating
Category
Featured
Created
'I' Countries
317,643
4.35
Geography
Dec 2, 2009
007 In Other Words
107,406
4.60
Movies
Sep 28, 2011
1 State, 4+ FBS Schools
92,823
4.37
Sports
Nov 16, 2010
75 Biggest One-Word Cities (US)
82,774
4.56
Geography
Aug 7, 2013
Great Lakes Borders
81,894
4.43
Geography
Sep 24, 2011
Go to Creator's Profile
Score Distribution
Quiz Creator Spotlight
Anne13
Follow
Send a Message
Quizzes Created
-
Created Quiz Play Count
-
More By This Creator
Popular Quizzes Today
1
Find the US States - No Outlines Minefield
2
Find the Countries of Europe - No Outlines Minefield
3
The Countries of the World
4
Find the US States
5
Risky Map Clicking: Biggest States A-Z
6
US States
7
Popular People in 1961
8
Movies - When Are They Set?
More Sports Quizzes
7-to-1: FIFA World Cup
Published
Trending Quizzes
Risky Map Clicking: Least Populous States A-Z
1-10 Letter G Words
1-10 Letter F Words
Countries of the World: 200 Million BC
Risky Map Clicking: Next State Alphabetically
Recently Updated
Beyoncé Albums
pecheneg
Leaping Animals
pecheneg
Reality TV Shows (A-Z)
bhenderson79
Rickey Henderson's Hall of Fame Teammates
pecheneg
Champions League XIs: Arsenal
pecheneg
Quick Pick: Celebrities in WWE's Hall of Fame
aduchscher
A-Z Keypad Blitz II
pecheneg
Multiple Oscar Actors
pecheneg
Mystery Phrase Blitz: Oscar 'Best Actors'
pecheneg
F. Scott Fitzgerald Novels
LTH
Trending Topics
Marvel
Kpop
Anime
Harry Potter
Crossword
Disney
NBA
Puzzle
Song
Pokémon
WWE
NFL
Country
The Office
Soccer
Your Account Isn't Verified!
In order to create a playlist on Sporcle, you need to verify the email address you used during registration. Go to your
Sporcle Settings
to finish the process.
Report this User
Report this user for behavior that violates our
Community Guidelines
.
Details:
Send Report
Go to the Sporcle.com Mobile Site →
Comments